[Event "Capablanca Memorial Elite 37th"]
[Site "Havana"]
[Date "2002.05.06"]
[Round "1"]
[White "Nataf, Igor Alexandre"]
[Black "Bruzon Batista, Lazaro"]
[Result "1/2-1/2"]
[WhiteElo "2567"]
[BlackElo "2569"]
[Annotator "Tyomkin,D"]
[PlyCount "66"]
[EventDate "2002.05.06"]
[EventType "tourn"]
[EventRounds "9"]
[EventCountry "CUB"]
[EventCategory "13"]
[SourceTitle "CBM 089"]
[Source "ChessBase"]
[SourceDate "2002.08.12"]
[SourceVersion "1"]
[SourceVersionDate "2002.08.12"]
[SourceQuality "1"]

1. e4 c5 2. Nf3 d6 3. d4 cxd4 4. Nxd4 Nf6 5. Nc3 a6 6. Bg5 e6 7. f4 Qc7 8. f5
Be7 (8... Nc6 {Tyomkin,D} 9. fxe6 fxe6 10. Bc4 $5 $146 {This is improvement
for white in this variation.Bishop makes a strong pressure on diagonal a2-g8,
espessially on-e6.} (10. Nxc6 {Tyomkin,D} bxc6 11. Be2 Be7 12. e5 dxe5 13. Bh5+
g6 14. Bxf6 Bxf6 15. O-O $44 {Vitolinsh-Kengis/Latvia 1975}) 10... Nxd4 11.
Qxd4 Be7 12. Bb3 b5 (12... O-O {Tyomkin,D} 13. O-O-O {[%csl Re6] and white
looks much better.}) 13. a4 Rb8 14. axb5 axb5 15. Ra7 Qb6 $4 (15... Qc6 $142 {
Tyomkin,D} 16. O-O Rf8 (16... Bd8 {[%cal Gd8b6] Tyomkin,D} 17. Bxf6 gxf6 18.
Kh1 Qc5 19. Qxc5 dxc5 20. Nxb5 $1 Rxb5 21. Ba4 Bd7 22. Rd1 Bc6 23. Rd6 $18) 17.
Be3 $36 {[%cal Ge4e5]}) (15... Rb7 {Tyomkin,D} 16. Nxb5 {[%cal Ya7c7]}) 16.
Nxb5 $18 {[%mdl 64]} Bd7 17. Nc7+ Kf7 18. Nxe6 $1 {Very impressive.White makes
an invitation to black king to make a trip in the center,and Black is forced
to accept it. 1-0 Dvoirys,S-Lesiege,A/Koszalin 1999/CBM 73/[Tyomkin,D] (23)}) (
8... b5 {Tyomkin,D} 9. Bxf6 gxf6 10. Qh5 b4 11. Ncb5 $2 (11. Nce2 $142 {
Tyomkin,D}) 11... Qc5 $1 (11... axb5 {Tyomkin,D} 12. fxe6 $36) 12. Nb3 Qe3+ $17
13. Kd1 axb5 14. Bxb5+ Ke7 15. Re1 Qb6 16. Bc4 Nc6 17. fxe6 fxe6 18. g4 Ne5 19.
Bd3 Bg7 {0-1 Tosic,M-Cseshkovsky Vitaly/Vrnjachka Banja YUG 1982 (19)}) 9. fxe6
(9. Qf3 $5 {Tyomkin,D} Nc6 10. O-O-O Nxd4 11. Rxd4 b5 12. Qg3 e5 $6 13. Bxf6
Bxf6 14. Nd5 Qd8 15. Rd3 {1-0 Conquest,S-Zygouris,H/Iraklion 1992 (37)}) 9...
fxe6 10. Qd3 $146 (10. Be2 O-O 11. Bg4 Nxg4 12. Qxg4 e5 13. Nf5 Bxf5 14. exf5
Bxg5 15. Qxg5 Nc6 $11 {1/2-1/2 Vitolinsh,A-Gutman,L/Riga 1975/EXT 2002 (37). 
(36)}) (10. g3 {Tyomkin,D} Nc6 11. Bh3 Qa5 12. Nxc6 bxc6 13. Qd2 Rb8 14. Rb1 h6
15. Be3 O-O 16. O-O Qh5 $15 {Matulovic-Tukmakov,V/Titograd 1982}) 10... Nc6 11.
O-O-O Bd7 (11... O-O 12. Qc4 {[%csl Re6]} d5 $1 $132) 12. Be2 Nxd4 13. Qxd4 Rc8
14. Rhf1 O-O $11 {Creative opening play of Igor didn't bring him opening
advantage;} 15. Rf3 (15. Bxf6 Rxf6 (15... gxf6 $11) 16. Rxf6 gxf6 $11 {[%cal
Gc7c5]}) 15... Rf7 16. Bxf6 (16. Rdf1 Rcf8 {and white can't reach anything
over f-file;}) 16... gxf6 17. Rg3+ Rg7 (17... Kh8 18. Bh5 Rg7 {-semilar to the
game;}) 18. Rdd3 Qc5 19. Rxg7+ Kxg7 20. Rg3+ Kh8 21. Qd2 {It sacrifices a pawn
but gives white some active play over the kside;} (21. Qd1 b5 22. Kb1 $5 (22.
Bd3 $11 {[%cal Gc3e2]}) 22... b4 $140 23. Bxa6 $1 {[%cal Gd1g4]}) 21... Qg1+
22. Bd1 Qxh2 23. Qf4 {[%cal Rg3g8]} (23. Rh3 Qe5 {[%cal Ge5g5]} 24. Kb1 Qg5 25.
Qf2 b5 $15) 23... Qh1 $1 {This only move holds the defense- white can't create
any serious threats over the kside;} 24. Qg4 Qh6+ 25. Kb1 Qf8 {Too passive-
there was no reason to move the queen out from the active place;} (25... b5 $15
{[%cal Gb5b4]}) 26. Qh3 {[%cal Gd1g4,Gg4h5,Yg4e6,Yh5g6]} f5 {It leads to
better ending, while black could continue in the middlegame keeping the extra
pawn;} (26... Rc5 {[%cal Gc5g5]} 27. Bh5 {[%cal Gh5g6]} Rg5 $15) 27. exf5 Qxf5
28. Qxf5 exf5 29. Nd5 Bh4 {Probably black has suffered form lack of time at
this point of the game already;} 30. Rh3 Rc4 31. Bf3 Bd8 32. c3 Kg7 33. Ne3 Rc5
{Black could continue the game for a while, but probably black has been short
of time;} (33... Rc5 34. Rg3+ Kh6 35. Rh3+ Kg6 36. Rg3+ (36. Bxb7 f4 37. Be4+
Kf6 38. Rf3 Ke5 $19) 36... Bg5 37. Nd5 Kh6 38. Rh3+ Kg7 $15) 1/2-1/2

[Event "FIDE-Wch k.o."]
[Site "Moscow"]
[Date "2001.11.28"]
[Round "1.2"]
[White "Lastin, Alexander"]
[Black "Cvitan, Ognjen"]
[Result "1-0"]
[WhiteElo "2628"]
[BlackElo "2550"]
[Annotator "Tyomkin,D"]
[PlyCount "41"]
[EventDate "2001.11.27"]
[EventType "k.o."]
[EventRounds "7"]
[EventCountry "RUS"]
[SourceTitle "CBM 086"]
[Source "ChessBase"]
[SourceDate "2002.02.05"]
[SourceVersion "1"]
[SourceVersionDate "2002.02.05"]
[SourceQuality "1"]

1. e4 c5 2. Nf3 d6 3. d4 cxd4 4. Nxd4 Nf6 5. Nc3 a6 6. Bg5 e6 7. f4 Bd7 8. Qe2
(8. Qf3 {is the main line;}) (8. Qd2 Nc6 9. O-O-O {-leads to well-known
position of Rauzer var.;}) 8... Nc6 $146 (8... h6 9. Bh4 Be7 10. O-O-O Nc6 11.
e5 Nxd4 12. Rxd4 dxe5 13. fxe5 Nd5 {1/2-1/2 Maciejewski,M-Kuczynski,R/Sopot
1997/CBM 59 (13)}) 9. O-O-O Nxd4 10. Rxd4 Qa5 $2 {By this move black lets
white to develop dangerous initiative; More resistant was 10...Bc6 and white
has to fight hard for the opening advantage;} (10... Bc6 $5 11. e5 (11. Qd3 $5
{[%cal Ge4e5,Yd3d4]}) 11... Qb6 12. Rd2 dxe5 13. f5 $5 (13. fxe5 Nd5 14. Ne4
$13) 13... Qc7 14. fxe6 fxe6 15. Qc4 Nd5 (15... Qf7 16. Bd3 {[%cal Gh1e1,Ye1e5]
}) 16. Be2 {[%cal Ge2h5,Ge2f3]} (16. Nxd5 exd5 17. Rxd5 Be7 18. Bxe7 Qxe7 19.
Rd2 Rd8 20. Rxd8+ Kxd8 $1 {and black king finds safety over the queenside;}) (
16. Ne4 $5 Be7 {[%cal Ge8f8]}) 16... Be7 17. Bxe7 Qxe7 18. Bh5+ g6 19. Bf3 $14
{[%cal Gh1e1]}) 11. Qd2 {More aggresive 11.e5 leads to the forced play and
white achieves an advantage:} (11. e5 $142 $5 dxe5 12. Qxe5 Bb4 $1 13. Bxf6
gxf6 14. Qxf6 Rf8 15. Rd3 Bxc3 16. Rxc3 Qxa2 17. Ra3 Qd5 18. Be2 $16 {[%csl
Re8][%cal Ge2f3]}) 11... Bc6 12. f5 e5 (12... Be7 13. fxe6 fxe6 14. Bc4 e5 15.
Rxd6 $1 $16 Bxd6 $140 16. Qxd6 $18 {[%cal Rd6e6]}) 13. Bxf6 $1 {[%mdl 512] It
sacrifices an exchange for a pawn, but white gets stable positional advantage
this way;} exd4 $2 {Correct way was to decline the sacrifice by:} (13... gxf6
14. Rd3 h5 15. Kb1 $16 {[%cal Gf1e2]}) 14. Bxd4 {[%csl Re8,Rf8] Now black
suffers from lack of development and he is not able to complete it till the
end of the game;} b5 {[%csl Yc4] preventing Bc4;} (14... f6 15. Bc4 $18) 15.
Qe3 {[%cal Rd4b6]} Qc7 (15... b4 16. Nd5 {[%cal Gf1c4]} Bxd5 17. exd5+ Kd7 18.
Bc4 $18 {[%csl Rd7,Rf8,Rh8]}) 16. Bd3 {There was no reason to force play by
Nd5:} (16. Nd5 Bxd5 17. exd5+ Kd7 (17... Qe7 18. Qg3 {[%cal Rf1b5,Gh1f1]} Kd7
19. Bd3 $16 {[%cal Gh1e1]}) 18. f6 g6 19. Qh3+ Kd8 20. Kb1 $16 {[%cal Gf1d3,
Yh3a3]}) 16... f6 {An attempt to complete the development by Be7 and 0-0 then;
But white is in time to break thru;} 17. Nd5 Qf7 (17... Bxd5 18. exd5+ Be7 19.
Re1 Kf8 20. Kb1 Re8 21. g4 $18 {[%csl Rh8][%cal Gh2h4,Gg4g5] and black can not
get rid of white's pressure;}) 18. Kb1 Rc8 19. c4 $1 {The defense of black
fails over the queenside;} Be7 (19... bxc4 20. Bxc4 {[%csl Ra6][%cal Gd5b6]}
Qb7 21. Qe2 $18 {[%cal Gc4a6,Ye2h5]}) 20. cxb5 axb5 (20... Bxb5 21. Bxb5+ axb5
22. Qb3 $1 $18 {[%csl Rb5] attacking b5 and preventing black from castle;}) 21.
Nb6 {Maybe the resignation of black came too early, but black is not able to
hold the defense here anyhow;} (21. Nb6 Rc7 (21... Rd8 22. Qc1 $18 {[%cal
Gc1c7]} (22. Rc1 $18)) 22. Rc1 {[%cal Rd3b5,Rc1c6]} O-O 23. Bxb5 {[%csl Rc7]})
1-0

[Event "WchT 5th"]
[Site "Yerevan"]
[Date "2001.10.18"]
[Round "7.1"]
[White "Leko, Peter"]
[Black "Ghaem Maghami, Ehsan"]
[Result "1-0"]
[WhiteElo "2739"]
[BlackElo "2513"]
[Annotator "Tyomkin,D"]
[PlyCount "53"]
[EventDate "2001.10.12"]
[EventType "team-tourn"]
[EventRounds "9"]
[EventCountry "ARM"]
[SourceTitle "CBM 086"]
[Source "ChessBase"]
[SourceDate "2002.02.05"]
[SourceVersion "1"]
[SourceVersionDate "2002.02.05"]
[SourceQuality "1"]
[WhiteTeam "Hungary"]
[BlackTeam "Iran"]
[WhiteTeamCountry "HUN"]
[BlackTeamCountry "IRI"]

1. e4 c5 2. Nf3 d6 3. d4 cxd4 4. Nxd4 Nf6 5. Nc3 a6 6. Bg5 e6 7. f4 b5 8. e5
dxe5 9. fxe5 Qc7 10. exf6 Qe5+ 11. Be2 Qxg5 12. O-O {This line creates black
much more problems than the old fashioned 12.Qd3;} (12. Qd3 Qxf6 13. Rf1 {
Wedberg} (13. O-O-O Be7 14. Rhf1 Qh6+ 15. Kb1 O-O $132 {0-1 Hector,
J-Polugaevsky,L/Haninge 1990/CBM 18 (69)}) 13... Qe5 14. Rd1 Ra7 {This
remarkable R-move is the backbone of the variation.} 15. Nf3 Qc7 16. Ng5 f5 17.
Qd4 Qe7 {The originator of this move, Julian Hodgson, is reported to have been
very proud the first time Polugaevsky played his move. The alternative is 17.
-h5.} 18. Bh5+ {This has been suggested but never tried before.} (18. Nge4 {
(Wedberg) Ftacnik} h5 19. Nd6+ Qxd6 20. Qxa7 Qxh2 {Van der Wiel-Hodgson,
Ostende 1983; 21.Rd3!+/-;>= 20...Qe5; Van der Wiel}) 18... g6 19. Qxh8 Qxg5 {
[Tom Wedberg]. 1-0 Hellers,F-Polugaevsky,L/Haninge 1989/CBM 13/[Wedberg] (26)
At this point Polugaevsky came up to me and said: 'I've lost the exchange, but
I have good compensation!' Then he showed his fist to underline what he meant.}
) 12... Ra7 {Another way for black was shown by Ivanchuk, but black hasn't
solve problems of the opening there too; The idea of 12...Qe5 is to place
black queen at the middle of the board (e5 or e3) disturbing white to develop
his queen;} (12... Qe5 13. Nf3 (13. Bf3 $5 Ra7 14. Ne4 Rd7 15. c3 $36 {[%cal
Gf1e1]}) 13... Qe3+ (13... Qxf6 $5) 14. Kh1 Nd7 15. Re1 Qa7 16. fxg7 Bxg7 17.
Qd6 Qb6 18. Qg3 O-O 19. Rad1 $16 {1-0 Leko,P-Ivanchuk,V/Monaco MNC 2001/The
Week in Chess 332 (36)}) 13. Qd3 ({Following move of white looks unlogical:} 
13. Nb3 $6 Rd7 14. Qe1 gxf6 15. Bxb5 $5 (15. Bf3 Be7 16. Qf2 {1/2-1/2 Sipos,
I-Dub,Z/Budapest 2001/CBM 83 ext (91)}) 15... axb5 16. Ne4 $36 {[%cal Ge4f6]})
13... Rd7 14. Ne4 Qe5 15. Nf3 (15. c3 $5 Bb7 16. Bf3 Nc6 (16... Bxe4 $5 17.
Bxe4 gxf6 $13 {[%cal Gf6f5]}) 17. Rad1 Qc7 $6 (17... Nxd4 $5 18. cxd4 Qf4 $13)
18. Qe3 Ne5 19. fxg7 $16 {1-0 Baklan,V-Puth,D/Bad Wiessee GER 2001/The Week in
Chess (35)}) 15... Qxb2 {Unfortunately black can not go to the ending by:} (
15... Rxd3 16. Nxe5 Rd5 17. fxg7 Bxg7 18. Nxf7 O-O 19. Nfd6 $16 {white is up a
pawn here;}) 16. Qe3 Bb7 17. a4 $146 {[%mdl 8] This impulsive move is a right
way to play with white in this position- all is about time here and white
needs to open position as fast as possible;} ({Black can survive in the
following line:} 17. c3 Bxe4 18. fxg7 (18. Qxe4 gxf6 19. Kh1 (19. a4 $1) 19...
Rg8 20. Nd4 Qxc3 21. Nxe6 Qe5 $1 22. Qxh7 Rxg2 $1 $19 {0-1 Cooke,E-Dub,Z/
Budapest 2001/CBM 83 ext (30)}) 18... Bxg7 19. Qxe4 Qa3 $1 {[%cal Ga3c5] Black
queen is moved to the defense, and white doesn't have enough forces to create
something serious here;} (19... O-O $6 20. Ng5 {[%csl Rh7]}) 20. Kh1 Qc5 21. a4
Bxc3 22. Rad1 Rxd1 23. Rxd1 O-O 24. axb5 axb5 $15 {0-1 Tseitlin,M-Zaichik,G/
Komotini 1992/CBM 32 ext (39)}) 17... b4 $2 (17... Qxc2 18. Nfg5 $16 {[%cal
Ga1c1,Rg5e6] there are too many threats of white here;} h6 19. Rac1 Qxa4 20.
Nxe6 fxe6 21. fxg7 Bxg7 22. Bh5+ {[%cal Ge3c5,Yc5b6] mate is close here;}) ({
Perhaps, the only way for black to continue was 17...Qb4, and after this white
doesn't have any forced way for advantage:} 17... Qb4 $142 18. c4 (18. Nf2 gxf6
(18... Bc5 19. fxg7 Rg8 20. Qh6 (20. Qg5 Bxf3 21. Bxf3 Bd4 {[%csl Ga1,Gg7]})
20... Qg4 $17)) (18. Nfg5 Bxe4 19. Nxe4 Qd4 {transforming the game to the
ending;}) 18... Bxe4 19. Qxe4 Qc5+ 20. Kh1 b4 $1 21. Rad1 gxf6 22. Rxd7 Nxd7
23. Qa8+ Ke7 24. Rd1 Bg7 25. Qb7 Qc8 $1 (25... Rd8 26. Nd4 $18 {[%cal Gd4c6]})
26. Qxb4+ Nc5 27. Nd4 {[%cal Gd4b3]} Rd8 28. Nb3 Rxd1+ 29. Bxd1 Kd6 {and black
has repulsed white's attack;}) 18. Rab1 $18 Qxc2 {There is no way for black to
defend here; Other moves doesn't help black too:} (18... Qa3 19. Qb6 {[%cal
Gf6g7,Ye4d6]} (19. Qxa3 $2 bxa3 20. Rxb7 Rxb7 21. fxg7 Bxg7 22. Nd6+ Ke7 23.
Nxb7 a2 $17) (19. Rb3 Qxa4 20. fxg7 Bxg7 21. Nc5 Qa5 22. Nxd7 Nxd7 23. Rfb1 Bf8
(23... O-O 24. Rxb4 $16) 24. Kh1 $16 {[%cal Gc2c3]}) 19... Bxe4 20. Qxb8+ Rd8
21. Bb5+ $1 axb5 22. Qxb5+ Rd7 23. Ne5 $18) (18... Qa2 19. Rxb4 $1 Bxb4 20.
fxg7 $18 {[%cal Ge4f6]}) 19. Nfg5 $1 {No reason to hurry up vs 19.fxg7;} (19.
fxg7 Bxg7 20. Rxb4 Bxe4 $1 (20... Qc7 21. Rc1 Nc6 22. Qg5 f5 23. Nf6+ Bxf6 24.
Qxf6 $18 {[%csl Ge6,Re8,Gh8]}) 21. Rc1 O-O 22. Rxc2 Bxc2 $16 {and black has
some chances to save the game;}) 19... Qc7 {An attempt to close up the
kingside by g6 doesn't save black:} (19... g6 20. Rfc1 Qa2 21. Bc4 Qa3 22. Qf4
$18 {[%cal Gc4e6] and black can not save e6;}) 20. Rxb4 $1 {[%mdl 64] Money
Time! All white pieces are in the game, while the kingside of black is still
undeveloped;} Bxe4 (20... Nc6 21. Rc4 h6 22. Nxf7 $1 Rxf7 23. Bh5 g6 $8 24.
Bxg6 $18) (20... Bxb4 21. fxg7 $18 {[%cal Ge4f6]}) 21. Nxe4 {[%mdl 64]} Bxb4 {
Letting white to finish the game by nice tactics;} (21... g6 22. Rc4 Nc6 (22...
Qa5 23. Rc8+ Rd8 24. Rfc1 $18) 23. Rb1 {[%cal Gb1b6]} (23. Rfc1 Qa7 $1 $16)
23... Qa7 24. Qxa7 Nxa7 25. Rb8+ Rd8 26. Rb7 $18 {[%cal Gc4c7]}) 22. fxg7 Rg8
23. Nf6+ Kd8 24. Nxg8 Bc5 {Black wins white queen, but white queens his g-pawn,
creating decisive threats over black king;} 25. Nf6 $1 {[%mdl 64]} Bxe3+ 26.
Kh1 Kc8 (26... Ke7 27. g8=Q $18) (26... Rd2 27. g8=Q+ Ke7 28. Nd5+ $1 $18 {
[%cal Gf1f7]}) 27. Nxd7 {[%csl Yf7][%cal Gg7g8] winning also f7 pawn then;} 1-0

[Event "GER-ch 72nd"]
[Site "Heringsdorf"]
[Date "2000.11.18"]
[Round "2"]
[White "Reeh, Oliver"]
[Black "Naumann, Alexander"]
[Result "0-1"]
[WhiteElo "2420"]
[BlackElo "2489"]
[Annotator "Tyomkin,D"]
[PlyCount "66"]
[EventDate "2000.11.17"]
[EventType "swiss"]
[EventRounds "9"]
[EventCountry "GER"]
[SourceTitle "CBM 080"]
[Source "ChessBase"]
[SourceDate "2001.01.25"]
[SourceVersion "1"]
[SourceVersionDate "2001.01.25"]
[SourceQuality "1"]

1. e4 c5 2. Nf3 d6 3. d4 cxd4 4. Nxd4 Nf6 5. Nc3 a6 6. Bg5 e6 7. f4 b5 8. e5
dxe5 9. fxe5 Qc7 10. Nf3 {Few moves were tried for white in this position.
Still, there is a large field for improvements in all lines. 10.Nf3 is looking
as a good option.} (10. exf6 Qe5+ 11. Be2 Qxg5 12. O-O Ra7 $1 13. Qd3 {[%csl
Ye3]} Rd7 14. Ne4 Qe5 15. c3 Bb7 16. Qg3 (16. Bf3 Bxe4 17. Bxe4 gxf6 $13) 16...
Qxg3 17. Nxg3 Rg8 18. Bf3 gxf6 19. Bxb7 Rxb7 20. Ne4 Nd7 21. Rxf6 $4 (21. Nxf6+
Nxf6 22. Rxf6 Bg7 $15) 21... Rg4 {0-1 De Vreugt,D-Van Wely,L/Dieren 1999/CBM
71 ext (21)}) (10. Qe2 $5 Nfd7 11. O-O-O Bb7 (11... Qxe5 $2 12. Qxe5 Nxe5 13.
Ndxb5 $18) 12. Qg4 Qxe5 $2 (12... Nxe5 13. Qh5 {[%cal Rd4e6]} (13. Qg3 Nbd7)
13... g6 14. Qh3 $44) (12... Nc6 13. Nxe6 fxe6 14. Qxe6+ Be7 15. Bxe7 Nxe7 16.
Bxb5 $1 $18) 13. Bd3 Be7 $2 (13... h6 14. Nxe6 $1) 14. Bxe7 Kxe7 15. Rhe1 $18 {
1-0 Nataf,I-Guidarelli,L/Vichy FRA 2000/The Week in Chess 303 (33)}) 10... b4
$146 {Pritty risky, but it has worked succesfully in this game. Cool game was
played in the following line:} (10... Nfd7 11. Be2 Bb7 12. Qd3 Nc6 13. O-O-O
Ncxe5 14. Nxe5 Nxe5 15. Qg3 b4 $2 (15... Bb4 $142 $1 16. Bf4 Bxc3 17. bxc3 f6
$132) 16. Nb5 $1 axb5 17. Bxb5+ Bc6 18. Qxe5 $1 Qb7 19. Bc4 Bd7 20. Rxd7 $1
Kxd7 21. Rd1+ Ke8 22. Bb5+ Qxb5 23. Qxb5# {1-0 Stam,B-Lomo,M/Gausdal 2000/CBM
77 ext (23)}) 11. exf6 $2 {It was necessary to weaken black pawns by:} (11. Nb5
$1 axb5 12. exf6 $16 {[%csl Ya6,Rb4,Rb5,Yc3] comparing to the game, black has
two weak pawns b5 and b4 instead of a6 and c3.}) 11... bxc3 12. fxg7 Bxg7 13.
b3 Nd7 {Black gets an esy development and powerful bishops on both big
diagonals. c3 pawn is very annoying for white.} 14. Be2 (14. Bd3 Bb7 15. O-O
Nc5 $15) 14... Bb7 $15 15. O-O Nb6 {[%cal Yb7f3,Gc7c5]} 16. Kh1 Nd5 {[%cal
Gh7h6]} 17. Bc4 h6 18. Bxd5 {Black should trade the bishop for to keep Bg5 in
the game.} Bxd5 19. Bh4 O-O 20. Qe2 (20. Bg3 Qc5 $15) 20... f5 {[%csl Gd5,Rf3]
Now black has the pair of bishops, especially Bd5, which has no white opponent
and can not be compared with Nf3.} 21. Rad1 Qf4 22. Be7 Rfe8 23. Bc5 Kh7 {
Black needs g-file for his rooks to put some pressure on g2.} 24. Be3 $6 {
It looks logical to trade at least one of black bishops- white can still hold
position.} (24. Bd4 $142 Rg8 $15 {[%cal Yg8g2]}) 24... Qg4 25. Qf2 Rg8 26. h3
Qh5 27. Rxd5 $2 {White didn't stand the pressure and sacrificed echange, which
wasn't neccesary at all. White is just lost after this sac.} (27. Qe2 $142 Qg6
28. Bd4 $15) 27... exd5 28. Nd4 f4 $1 $19 {Killing blow. Black rooks get quick
access to white's position by open files.} 29. Bxf4 (29. Qxf4 Raf8 30. Nf5 d4
$1 $19 {[%csl Rf5][%cal Gf8f7,Yg8f8]}) 29... Rae8 30. Nf3 Re4 31. Bh2 Rge8 32.
Qc5 (32. Re1 Bd4 $1 $19 {[%cal Rh5f3]} (32... Rxe1+ 33. Nxe1 Qd1 34. Bg3 Rxe1+
$5 35. Qxe1 Qxc2 {[%csl Gc3][%cal Gc3c2]})) 32... Re2 {[%csl Rg2][%cal Rh5g6]}
33. Rd1 Qg6 {[%csl Rg2][%cal Ge2c2]} 0-1

[Event "Bundesliga 9900"]
[Site "Germany"]
[Date "2000.03.13"]
[Round "13.1"]
[White "Tischbierek, Raj"]
[Black "Shirov, Alexei"]
[Result "1-0"]
[WhiteElo "2526"]
[BlackElo "2751"]
[Annotator "Tyomkin,D"]
[PlyCount "47"]
[EventDate "1999.10.09"]
[EventType "team-tourn"]
[EventRounds "15"]
[EventCountry "GER"]
[SourceTitle "CBM 076"]
[Source "ChessBase"]
[SourceDate "2000.05.31"]
[SourceVersion "1"]
[SourceVersionDate "2000.05.31"]
[SourceQuality "1"]
[WhiteTeam "Dresden"]
[BlackTeam "Luebeck"]
[WhiteTeamCountry "GER"]
[BlackTeamCountry "GER"]

1. e4 c5 2. Nf3 d6 3. d4 cxd4 4. Nxd4 Nf6 5. Nc3 a6 6. Bg5 e6 7. f4 Nc6 8. Nxc6
bxc6 9. e5 h6 10. Bh4 g5 11. fxg5 Nd5 12. Ne4 Qb6 13. Bd3 hxg5 14. Bg3 {
It looks like this move gives white an advantage.} (14. Bxg5 dxe5 15. Nf6+ Nxf6
16. Bxf6 Rh6 $1 $146 17. Bxe5 $6 {1/2-1/2 Almasi,Z-Leko,P/Budapest 1997/CBM 62/
[Tyomkin,D] (25)} (17. Qf3 $1 $146 {Tyomkin,D} Bb7 (17... Bb4+ $6 18. c3 Bd6
19. O-O-O Rb8 20. Rd2 Bb7 21. Be4 $16) (17... Bd6 18. Rd1 Bb7 19. Be4 $13) 18.
O-O-O (18. Bxe5 Qa5+ 19. Bc3 Bb4 $13) 18... e4 (18... c5 19. Qf2 e4 20. Bc4 $36
{for instance:} Qb4 21. Bg5 Rg6 22. Rhf1 f5 23. Bxe6 $1 $18) 19. Bxe4 Rxf6 20.
Qxf6 Qe3+ 21. Kb1 Qxe4 22. Rhf1 $16)) (14. Bf2 {-is another dangerous line for
black. But nobody didn't try it during last years.}) 14... dxe5 15. Bxe5 Rh4
16. Qd2 $5 $146 ({Very important game was played after another principle move
of white:} 16. Qf3 Be7 17. O-O-O (17. c4 f5 $5 {or simply 17...Qe3}) 17... Qe3+
(17... f5 18. Nd6+ Bxd6 19. Bxd6 Qe3+ {but also here black isn't such great,
but has chances to save.}) 18. Qxe3 Nxe3 19. g3 $1 $16 Rh6 20. Rd2 Ng4 (20...
Nd5 21. c4 $16) 21. Bg7 f5 (21... Rh3 22. Be2 Rh7 23. Bc3 $16) 22. Bxh6 $18
fxe4 $2 23. Bxe4 Kf7 24. Rf1+ Kg8 {1-0 Lendwai,R-Ermenkov,E/Miskolc 1990/EXT
97 (24)}) 16... f5 $2 {Very risky move, probably leads to the losing position
of black. The right way was to go to the ending:} (16... Qb4 $142 17. Qxb4
Bxb4+ 18. c3 Be7 19. Nd6+ Bxd6 20. Bxd6 Bb7 {[%cal Ge8c8]} 21. O-O-O O-O-O 22.
Bc5 {[%csl Ya6,Rb7,Yc6] Blakc's B is stalled on-b7, but probably may create a
counterplay, which would be enough for equality:} Rdh8 23. h3 g4 24. Bf2 R4h6
25. h4 Nf4 26. Bf1 c5 $5 $132) 17. Nf6+ (17. Nxg5 Bh6 $15 {[%csl Rg5]}) 17...
Nxf6 18. Bxf6 Bb4 (18... Rxh2 $2 19. O-O-O Rxh1 20. Rxh1 g4 21. Qg5 Qc7 22.
Bxf5 $1 $18) 19. c3 Bd6 20. Bxg5 $2 {[%mdl 8192] White misses very easy way to
win.} (20. Qxg5 Rg4 21. Qh5+ Kf8 22. Be2 Qe3 23. Rd1 a5 (23... Be7 24. Qh8+ Kf7
25. Bxe7 Kxe7 26. Rd8 $18) 24. Rxd6 Ba6 25. Rd2 Bxe2 26. Bd4 $1 Rxd4 27. Qh8+
$18) 20... Rg4 $2 {[%mdl 8192] And Shirov has made the move which loses at
once.} (20... Bg3+ 21. Kd1 Rxh2 22. Rxh2 Bxh2 23. Kc2 Rb8 24. b3 $16 {[%cal
Gg2g4] But still white has very strong attack,which is probably decisive.}) 21.
Be2 $18 {That's all.} Rxg5 22. Qxg5 Qxb2 23. Bh5+ Kd7 24. Qg7+ {Very
surprising loss of Shirov.} (24. Qg7+ Kd8 25. Rd1 Qa3 26. O-O $18) 1-0